| 000 | 00366nam a2200145Ia 4500 | ||
|---|---|---|---|
| 008 | 220803s9999 xx 000 0 und d | ||
| 020 | _a9780470665657 | ||
| 041 | _aeng | ||
| 082 | _a720.28 MEN | ||
| 100 |
_aMenges A Ed. _927471 |
||
| 245 | _aComputational Design Thinking | ||
| 260 |
_aUnited Kingdom _bWiley Publication _c2011 |
||
| 300 | _a224p | ||
| 500 | _aDIGIT | ||
| 999 |
_c17527 _d17527 |
||